<?xml version="1.0" encoding="UTF-8"?>
<record
    xmlns:xsi="http://www.w3.org/2001/XMLSchema-instance"
    xsi:schemaLocation="http://www.loc.gov/MARC21/slim http://www.loc.gov/standards/marcxml/schema/MARC21slim.xsd"
    xmlns="http://www.loc.gov/MARC21/slim">

  <leader>02696nam a2200373   4500</leader>
  <controlfield tag="001">72</controlfield>
  <controlfield tag="003">OSt</controlfield>
  <controlfield tag="005">20250528074011.0</controlfield>
  <controlfield tag="008">250123b        |||||||g |||| 00| 1 eng d</controlfield>
  <datafield tag="020" ind1=" " ind2=" ">
    <subfield code="a">8575421468</subfield>
  </datafield>
  <datafield tag="040" ind1=" " ind2=" ">
    <subfield code="b">por</subfield>
  </datafield>
  <datafield tag="041" ind1=" " ind2=" ">
    <subfield code="h">eng</subfield>
    <subfield code="a">por</subfield>
  </datafield>
  <datafield tag="082" ind1=" " ind2=" ">
    <subfield code="a">813</subfield>
    <subfield code="b">B877a</subfield>
  </datafield>
  <datafield tag="100" ind1="1" ind2=" ">
    <subfield code="a">Brown, Dan,</subfield>
    <subfield code="d">1964-</subfield>
    <subfield code="9">179</subfield>
  </datafield>
  <datafield tag="240" ind1=" " ind2=" ">
    <subfield code="a">Angels &amp; Demons</subfield>
  </datafield>
  <datafield tag="245" ind1=" " ind2=" ">
    <subfield code="a">Anjos e Demonios /</subfield>
    <subfield code="c">Brown, Dan ; Tradu&#xE7;&#xE3;o de Maria Luiza Newlands da Silveira</subfield>
  </datafield>
  <datafield tag="260" ind1=" " ind2=" ">
    <subfield code="a">Rio de Janeiro</subfield>
    <subfield code="b">Sextante</subfield>
    <subfield code="c">2004</subfield>
  </datafield>
  <datafield tag="300" ind1=" " ind2=" ">
    <subfield code="a">461 p.</subfield>
  </datafield>
  <datafield tag="490" ind1="1" ind2=" ">
    <subfield code="a">Saga Robert Langdon</subfield>
    <subfield code="v">Livro 01</subfield>
  </datafield>
  <datafield tag="500" ind1=" " ind2=" ">
    <subfield code="a">Anjos e Demonios</subfield>
  </datafield>
  <datafield tag="520" ind1=" " ind2=" ">
    <subfield code="a">Antes de decifrar &#xB4;O C&#xF3;digo Da Vinci&#xB4;, Robert Langdon, o famoso professor de simbologia de Harvard, vive sua primeira aventura em Anjos e Dem&#xF4;nios, quando tenta impedir que uma antiga sociedade secreta destrua a Cidade do Vaticano. &#xC0;s v&#xE9;speras do conclave que vai eleger o novo Papa, Langdon &#xE9; chamado &#xE0;s pressas para analisar um misterioso s&#xED;mbolo marcado a fogo no peito de um f&#xED;sico assassinado em um grande centro de pesquisas na Su&#xED;&#xE7;a. Ele descobre ind&#xED;cios de algo inimagin&#xE1;vel: a assinatura macabra no corpo da v&#xED;tima - um ambigrama que pode ser lido tanto de cabe&#xE7;a para cima quanto de cabe&#xE7;a para baixo - &#xE9; dos Illuminati, uma poderosa fraternidade considerada extinta h&#xE1; quatrocentos anos. A antiga sociedade ressurgiu disposta a levar a cabo a lend&#xE1;ria vingan&#xE7;a contra a Igreja Cat&#xF3;lica, seu inimigo mais odiado. De posse de uma nova arma devastadora, roubada do centro de pesquisas, ela amea&#xE7;a explodir a Cidade do Vaticano e matar os quatro cardeais mais cotados para a sucess&#xE3;o papal. Correndo contra o tempo, Langdon voa para Roma junto com Vittoria Vetra, uma bela cientista italiana. Numa ca&#xE7;ada fren&#xE9;tica por criptas, igrejas e catedrais, os dois desvendam enigmas e seguem uma trilha que pode levar ao covil dos Illuminati - um ref&#xFA;gio secreto onde est&#xE1; a &#xFA;nica esperan&#xE7;a de salva&#xE7;&#xE3;o da Igreja nesta guerra entre ci&#xEA;ncia e religi&#xE3;o. Em Anjos e Dem&#xF4;nios, Dan Brown demonstra novamente sua extraordin&#xE1;ria habilidade de entremear suspense com fascinantes informa&#xE7;&#xF5;es sobre ci&#xEA;ncia, religi&#xE3;o e hist&#xF3;ria da arte, despertando a curiosidade dos leitores para os significados ocultos deixados em monumentos e documentos hist&#xF3;ricos.</subfield>
  </datafield>
  <datafield tag="650" ind1=" " ind2="0">
    <subfield code="a">Literatura Americana</subfield>
    <subfield code="9">84</subfield>
  </datafield>
  <datafield tag="650" ind1=" " ind2="0">
    <subfield code="a">Suspense</subfield>
    <subfield code="9">10</subfield>
  </datafield>
  <datafield tag="650" ind1=" " ind2="0">
    <subfield code="a">Mist&#xE9;rio</subfield>
    <subfield code="9">42</subfield>
  </datafield>
  <datafield tag="650" ind1=" " ind2="0">
    <subfield code="a">Aventura</subfield>
    <subfield code="9">47</subfield>
  </datafield>
  <datafield tag="650" ind1=" " ind2="0">
    <subfield code="a">Hist&#xF3;rico</subfield>
    <subfield code="9">53</subfield>
  </datafield>
  <datafield tag="650" ind1=" " ind2="0">
    <subfield code="a">Religi&#xE3;o</subfield>
    <subfield code="9">100</subfield>
  </datafield>
  <datafield tag="650" ind1=" " ind2="0">
    <subfield code="a">Filme</subfield>
    <subfield code="9">26</subfield>
  </datafield>
  <datafield tag="655" ind1=" " ind2="0">
    <subfield code="a">Romance</subfield>
    <subfield code="9">23</subfield>
  </datafield>
  <datafield tag="655" ind1=" " ind2="0">
    <subfield code="a">Fic&#xE7;&#xE3;o </subfield>
    <subfield code="9">22</subfield>
  </datafield>
  <datafield tag="700" ind1=" " ind2=" ">
    <subfield code="a">Maria Luiza Newlands da Silveira</subfield>
    <subfield code="e">Tradutor</subfield>
    <subfield code="9">180</subfield>
  </datafield>
  <datafield tag="830" ind1=" " ind2=" ">
    <subfield code="a">Saga Robert Langdon</subfield>
    <subfield code="9">181</subfield>
    <subfield code="v">Livro 01</subfield>
  </datafield>
  <datafield tag="942" ind1=" " ind2=" ">
    <subfield code="2">ddc</subfield>
    <subfield code="n">0</subfield>
    <subfield code="c">BK</subfield>
  </datafield>
  <datafield tag="952" ind1=" " ind2=" ">
    <subfield code="0">0</subfield>
    <subfield code="1">0</subfield>
    <subfield code="2">ddc</subfield>
    <subfield code="3">Livro 01</subfield>
    <subfield code="4">0</subfield>
    <subfield code="7">0</subfield>
    <subfield code="8">FIC</subfield>
    <subfield code="a">BIBIB</subfield>
    <subfield code="b">BIBIB</subfield>
    <subfield code="c">LE</subfield>
    <subfield code="d">2016-05-03</subfield>
    <subfield code="e">doa&#xE7;&#xE3;o</subfield>
    <subfield code="l">0</subfield>
    <subfield code="o">813 / B877a</subfield>
    <subfield code="p">2025-15279</subfield>
    <subfield code="r">2025-01-23 08:06:13</subfield>
    <subfield code="w">2025-01-23</subfield>
    <subfield code="y">BK</subfield>
  </datafield>
  <datafield tag="999" ind1=" " ind2=" ">
    <subfield code="c">72</subfield>
    <subfield code="d">72</subfield>
  </datafield>
</record>
